Đong tấm lòng Tản văn
Gorde:
| Egile nagusia: | |
|---|---|
| Formatua: | Liburua |
| Hizkuntza: | Undetermined |
| Argitaratua: |
Tp. Hồ Chí Minh
Nxb. Trẻ
2014
|
| Gaiak: | |
| Sarrera elektronikoa: | http://lrc.tdmu.edu.vn/opac/search/detail.asp?aID=2&ID=22813 |
| Etiketak: |
Etiketa erantsi
Etiketarik gabe, Izan zaitez lehena erregistro honi etiketa jartzen!
|
| Thư viện lưu trữ: | Trung tâm Học liệu Trường Đại học Thủ Dầu Một |
|---|
| LEADER | 00703nam a2200205Ia 4500 | ||
|---|---|---|---|
| 001 | TDMU_22813 | ||
| 008 | 210410s9999 xx 000 0 und d | ||
| 082 | |a 895.9228408 | ||
| 090 | |b NG527 | ||
| 100 | |a Nguyễn, Ngọc Tư | ||
| 245 | 0 | |a Đong tấm lòng | |
| 245 | 0 | |b Tản văn | |
| 245 | 0 | |c Nguyễn Ngọc Tư | |
| 260 | |a Tp. Hồ Chí Minh | ||
| 260 | |b Nxb. Trẻ | ||
| 260 | |c 2014 | ||
| 300 | |a 148 tr. | ||
| 650 | |a Văn học |z Việt Nam; Nhà văn Việt Nam |y Thế kỷ 21; Văn xuôi Việt Nam |y Thế kỷ 21 | ||
| 856 | |u http://lrc.tdmu.edu.vn/opac/search/detail.asp?aID=2&ID=22813 | ||
| 980 | |a Trung tâm Học liệu Trường Đại học Thủ Dầu Một | ||